Ägypten und Vorderasien im Altertum /

محفوظ في:

المؤلف الرئيسي: Scharff, Alexander, 1892-1950 (مؤلف)

مؤلفون آخرون: Moortgat, Anton, 1897-1977

التنسيق: كتاب

اللغة: German

منشور في: München : F. Bruckmann, [1950].

سلاسل: Weltgeschichte in Einzeldarstellungen.

الموضوعات:

الوسوم: إضافة وسم

لا توجد وسوم, كن أول من يضع وسما على هذه التسجيلة!

رقم الطلب: DS62.2 .S31 1950

LEADER 00957nam a2200265I 4500
001 6689
003 OSt
005 20260127075109.0
008 130303s1950 gw b b 000 0 ger d
010 |a 51004169 
040 |c ARCE Library 
050 4 |a DS62.2 .S31 1950 
100 1 |a Scharff, Alexander,   |d 1892-1950,   |e author 
245 1 0 |a Ägypten und Vorderasien im Altertum /  |c von Alexander Scharff und Anton Moortgat. 
264 1 |a München :  |b F. Bruckmann,  |c [1950]. 
300 |a 535 pages :  |b maps ;  |c 23 cm. 
490 0 |a Weltgeschichte in Einzeldarstellungen. 
504 |a Includes bibliographic references. 
505 0 |a Geschichte Ägyptens von der Vorzeit bis zur Gründung Alexandreias, von A. Scharff. -- Geschichte Vorderasiens bis zum Hellenismus, von A. Moortgat.  
651 0 |a Egypt  |x History  |y To 332 B.C. 
651 0 |a Turkey  |x History. 
700 1 |a Moortgat, Anton,  |d 1897-1977,  |9 36189 
901 |a reviewed 
942 |c BK  |2 lcc 
999 |c 8085  |d 8085